[Event "Prague Open A 2013"]
[Site "Prague CZE"]
[Date "2013.01.15"]
[Round "8.15"]
[White "De Verdier,M"]
[Black "Yakimenko,Alex"]
[Result "1/2-1/2"]
[WhiteElo "2385"]
[BlackElo "2221"]

1.Nf3 Nf6 2.c4 e6 3.g3 b6 4.Bg2 Bb7 5.O-O c5 6.Nc3 Be7 7.b3 O-O 8.Bb2 d6
9.e3 Nbd7 10.Qe2 Ne4 11.Nxe4 Bxe4 12.Rfd1 Bf6 13.d4 Qc7 14.Rd2 Rac8 15.Rad1 d5
16.cxd5 exd5 17.dxc5 bxc5 18.Ne1 Bxg2 19.Nxg2 Bxb2 20.Rxb2 Nf6 21.Nf4 Rfd8
22.Rbd2 Qe5 23.Qa6 Rc7 24.Qa5 g5 25.Nxd5 Nxd5 26.Rxd5 Rxd5 27.Rxd5 Qxd5 28.Qxc7 Qd1+
29.Kg2 Qd5+ 30.Kg1 Qd1+ 31.Kg2 Qd5+ 32.Kh3 h5 33.Qe7 Qf5+ 34.Kg2 g4 35.Qd8+ Kg7
36.Qd1 Qe4+ 37.f3 Qxe3 38.fxg4 hxg4 39.Qxg4+ Kf8 40.Qf5 Qe2+ 41.Kh3 Qxa2
42.Qxc5+ Kg7 43.Qd4+ Kg8 44.Qb4 Kg7 45.Qg4+ Kf8 46.Qc8+ Kg7 47.Qc3+ Kg8 48.Qe3 a5
49.g4 Qa1 50.Kg3 Kg7 51.Kh4 a4 52.bxa4 Qxa4 53.Kh5 Qc4 54.h4 Kh7 55.Qh6+ Kg8
56.Qg5+ Kh7 57.Qf5+ Kg7 58.Qe5+ Kh7 59.Qf5+ Kg7 60.Qe5+ Kh7 61.Qf6 Qb3 62.Qf5+ Kg7
63.Qe5+ Kh7 64.Kg5 Qc4 65.Qf4 Qb3 66.Qf5+ Kg7 67.Qe5+ Kh7 68.h5 Qb6 69.Qe7 Kg7
70.Kh4 Qf2+ 71.Kh3 Qf3+ 72.Kh4 Qf2+ 73.Kg5 Qb6 74.Kf4 Qf2+ 75.Kg5 Qb6  1/2-1/2

[Event "38th Seville Open"]
[Site "Seville ESP"]
[Date "2013.01.18"]
[Round "8.11"]
[White "Bruno,Fabi"]
[Black "Urbina Perez,J"]
[Result "1-0"]
[WhiteElo "2434"]
[BlackElo "2214"]

1.Nf3 Nf6 2.c4 e6 3.g3 b6 4.Bg2 Bb7 5.O-O c5 6.Nc3 Be7 7.d4 cxd4 8.Qxd4 O-O
9.Rd1 Bc5 10.Qh4 Qe7 11.b3 d5 12.Na4 Ba3 13.Bxa3 Qxa3 14.Ne5 Nc6 15.Nxc6 Bxc6
16.Nc3 Rfe8 17.e3 Rac8 18.cxd5 Bxd5 19.Nxd5 exd5 20.Bxd5 Rc2 21.b4 Nxd5 22.Rxd5 Rxa2
23.Rxa2 Qxa2 24.Qe7  1-0

[Event "TCh-HUN 2012-13"]
[Site "Decs HUN"]
[Date "2013.01.27"]
[Round "6"]
[White "Sebestyen,Bala"]
[Black "Varasdy,I"]
[Result "0-1"]
[WhiteElo "2289"]
[BlackElo "2336"]

1.Nf3 Nf6 2.c4 b6 3.g3 Bb7 4.Bg2 c5 5.O-O e6 6.d4 cxd4 7.Nxd4 Bxg2 8.Kxg2 Qc7
9.b3 a6 10.Bb2 Be7 11.Nd2 Qb7+ 12.Kg1 O-O 13.Qc2 d6 14.e4 Nbd7 15.Rae1 Rac8
16.Qd3 Rfd8 17.f4 Bf8 18.Qe2 b5 19.e5 Ne8 20.N4f3 bxc4 21.Nxc4 d5 22.Ne3 Bc5
23.Bd4 Bxd4 24.Nxd4 Qb6 25.Rd1 Nc7 26.Kg2 Nb5 27.Nxb5 axb5 28.Nc2 g6 29.Nd4 b4
30.Qg4 Re8 31.h4 h5 32.Qf3 Rc3 33.Qe2 Nc5 34.Nb5 Ne4 35.Nxc3 Nxc3 36.Qd2 Nxd1
37.Rxd1 Rc8 38.Rc1 Rxc1 39.Qxc1 Qd4 40.Qc8+ Kg7 41.Qd8 Qb2+ 42.Kh3 Qb1 43.Qf6+ Kg8
44.Qd8+ Kh7 45.Kg2 Qxa2+ 46.Kh3 Qb1 47.Kh2 Qxb3 48.Qf8 Qc2+ 49.Kg1 Qc7 50.Qxb4 Kg7
51.Kf2 Qc2+ 52.Kf3 Qd1+ 53.Ke3 Qg1+ 54.Kf3 Qf1+ 55.Ke3 Qg2 56.Qe1 Qe4+  0-1

[Event "1st Maksym Yusupov Mem"]
[Site "Lviv UKR"]
[Date "2013.02.02"]
[Round "4.3"]
[White "Nester,I"]
[Black "Soroka,Danylo"]
[Result "0-1"]
[WhiteElo "2328"]
[BlackElo "2125"]

1.Nf3 Nf6 2.c4 e6 3.g3 b6 4.Bg2 Bb7 5.O-O c5 6.Nc3 Be7 7.Re1 O-O 8.e4 d6
9.d4 cxd4 10.Nxd4 Qc7 11.Be3 a6 12.Rc1 Nbd7 13.f4 Rfe8 14.b3 Qb8 15.Bf2 Bf8
16.f5 exf5 17.Nxf5 Nc5 18.Qc2 g6 19.Bd4 Ng4 20.Ne3 Nxe3 21.Bxe3 a5 22.Rcd1 Bg7
23.Nd5 Bxd5 24.Rxd5 Ra7 25.Red1 Be5 26.Bh6 Qc7 27.Qf2 Qe7 28.Bf4 Qf6 29.Bxe5 Qxf2+
30.Kxf2 dxe5 31.Ke3 Rc7 32.Bh3 Kf8 33.Rd6 Rb8 34.R1d5 a4 35.b4 Na6 36.a3 Rxc4
37.Rxe5 Rc3+ 38.Rd3 Rxd3+ 39.Kxd3 Nc7 40.Kc4 f6  0-1

[Event "ch-TUR 2013"]
[Site "Antalya TUR"]
[Date "2013.02.06"]
[Round "7.69"]
[White "Tuna,Alp"]
[Black "Yavic,A"]
[Result "1-0"]
[WhiteElo "1730"]
[BlackElo "1923"]

1.c4 e6 2.Nf3 Nf6 3.g3 b6 4.Bg2 Bb7 5.O-O c5 6.d4 cxd4 7.Nxd4 Bxg2 8.Kxg2 Be7
9.b3 O-O 10.Bb2 d5 11.cxd5 Qxd5+ 12.Kg1 Rd8 13.Qc2 Na6 14.Nc6 Rd7 15.Nxe7+ Rxe7
16.Rd1 Qc5 17.Qxc5 Nxc5 18.Na3 Nd5 19.Nc4 b5 20.Nd6 a6 21.e4 Rd7 22.exd5 Rxd6
23.Ba3 Nxb3 24.axb3 Rxd5 25.Rxd5 exd5 26.Rc1 f6 27.Rc6 a5 28.Rc5 d4 29.Rxb5 Kf7
30.Kf1 Ke6 31.Ke2 Rc8 32.Rxa5 Rc2+ 33.Ke1 d3 34.Bc5 Rb2 35.Rb5 Kd7 36.Be3 Kc6
37.Rc5+ Kd6 38.Rc3 Kd5 39.Rxd3+ Ke4 40.Rd4+ Ke5 41.b4 g5 42.Rd7 Ke4 43.Rxh7 Rxb4
44.Re7+ Kd3 45.Rd7+ Ke4 46.Ke2 g4 47.Rh7 Rb2+ 48.Bd2 Ra2 49.h4 f5 50.h5 f4
51.gxf4 Ra8 52.h6 Kf5 53.Rg7 Ra1 54.h7 Rh1 55.Bc3 g3 56.fxg3 Rh6 57.Rf7+ Ke4
58.h8=Q Kd5  1-0

[Event "TCh-CZE Div1 Vychod 2012-13"]
[Site "Czech Republic CZE"]
[Date "2013.02.10"]
[Round "7.1"]
[White "Velicka,P"]
[Black "Ponizil,C"]
[Result "1-0"]
[WhiteElo "2469"]
[BlackElo "2377"]

1.Nf3 c5 2.c4 Nf6 3.g3 b6 4.Bg2 Bb7 5.O-O e6 6.Nc3 Be7 7.Re1 Ne4 8.Nxe4 Bxe4
9.d3 Bb7 10.e4 O-O 11.d4 cxd4 12.Nxd4 d6 13.a4 Qc8 14.b3 Nc6 15.Ra2 Rd8 16.Ba3 a6
17.Nxc6 Bxc6 18.Rd2 Ra7 19.Bb4 Rad7 20.Qe2 Qb7 21.f4 Bf8 22.Red1 h6 23.Qe3 b5
24.cxb5 axb5 25.a5 Qa8 26.h4 d5 27.Bxf8 d4 28.Qf2 Rxf8 29.b4 Bxe4 30.Rxd4 Rxd4
31.Rxd4 Bxg2 32.Qxg2 Qa7 33.Qf2 Qe7 34.Qc2 Qa7 35.Qf2 Qe7 36.Qd2 Rc8 37.Kh2 g6
38.Rd7 Qf6 39.a6 e5 40.Rd6 Qe7 41.f5 gxf5 42.Qxh6 f4 43.gxf4 exf4 44.Qg5+ Qxg5
45.hxg5 Rc2+ 46.Kh3 Ra2 47.Kg4 Ra4 48.Kxf4 Rxb4+ 49.Ke5 Kg7 50.Kd5 Rb1 51.Kc6 b4
52.a7 Ra1 53.Kb7 b3 54.Rb6  1-0

[Event "ch-CHI Final 2013"]
[Site "Iquique CHI"]
[Date "2013.02.16"]
[Round "5.5"]
[White "Avalos Parra,J"]
[Black "Torres Bravo,C"]
[Result "0-1"]
[WhiteElo "2181"]
[BlackElo "2314"]

1.Nf3 Nf6 2.c4 e6 3.g3 b6 4.Bg2 Bb7 5.O-O c5 6.d4 cxd4 7.Qxd4 Be7 8.Nc3 d6
9.Rd1 a6 10.b3 Nbd7 11.Ba3 Nc5 12.b4 Ncd7 13.Ng5 Bxg2 14.Kxg2 Rc8 15.Rac1 O-O
16.Bb2 Qc7 17.Nce4 Qb7 18.f3 h6 19.Nh3 Ne5 20.Nhf2 Rfd8 21.Nxf6+ Bxf6 22.Ne4 Ng4
23.Nxf6+ Nxf6 24.e4 e5 25.Qd3 Rd7 26.Rc2 Qc6 27.Rdc1 Rcc7 28.Qe3 Qb7 29.Ba1 Rc8
30.Qf2 Rdc7 31.Qe3 Re7 32.Qd3 Qc6 33.Bb2 Re6 34.Qa3 Qb7 35.Qe3 Kh7 36.Rd1 g5
37.h3 Ne8 38.Bc1 f6 39.h4 Kg7 40.hxg5 fxg5 41.Bb2 Nf6 42.Qd3 Rf8 43.g4 h5
44.Qe3 hxg4 45.Qxg5+ Kf7 46.Kf1 gxf3 47.Qh4 Qxe4 48.Qxe4 Nxe4  0-1

[Event "Iceland-China Friendly Match"]
[Site "Reykjavik ISL"]
[Date "2013.02.17"]
[Round "7.5"]
[White "Ptacnikova,L"]
[Black "Wang,Yiye"]
[Result "0-1"]
[WhiteElo "2269"]
[BlackElo "2226"]

1.Nf3 Nf6 2.g3 b6 3.Bg2 Bb7 4.O-O c5 5.c4 e6 6.Nc3 Be7 7.Re1 O-O 8.e4 Nc6
9.d4 cxd4 10.Nxd4 Nxd4 11.Qxd4 Rc8 12.b3 d6 13.Ba3 Rc7 14.Nb5 Rd7 15.Rad1 Ne8
16.Nxa7 Bxe4 17.Nc6 Bxc6 18.Bxc6 Ra7 19.Ba4 Qb8 20.Bb4 Qb7 21.Re2 Ra8 22.Red2 Rd8
23.Qe3 Nf6 24.Bxd6 Ne4 25.Bxe7 Rxd2 26.Rxd2 Nxd2 27.Bxf8 Nf3+ 28.Kf1 Kxf8
29.h4 Ke7 30.Ke2 Ng1+ 31.Kf1 Qh1 32.Qxb6 Nh3+ 33.Ke2 Qe4+ 34.Qe3 Qc2+ 35.Qd2 Ng1+
36.Ke3 Qf5 37.Qd7+ Kf6 38.Qd8+ Kg6  0-1

[Event "ch-ROU 2013"]
[Site "Baile Olanesti ROU"]
[Date "2013.02.23"]
[Round "10.7"]
[White "Doncea,V"]
[Black "Hajbok,R"]
[Result "1/2-1/2"]
[WhiteElo "2431"]
[BlackElo "2313"]

1.Nf3 Nf6 2.c4 e6 3.g3 b6 4.Bg2 Bb7 5.O-O c5 6.Nc3 d6 7.d4 cxd4 8.Qxd4 a6
9.Bg5 Nbd7 10.Rfd1 Be7 11.e4 Qc7 12.Rac1 O-O 13.h3 Rac8 14.g4 Rfd8 15.Qe3 h6
16.Bh4 Ne5 17.b3 Ng6 18.Bg3 Nd7 19.g5 hxg5 20.Nxg5 Qc5 21.Qxc5 dxc5 22.Nf3 Bc6
23.e5 b5 24.cxb5 axb5 25.Ne1 Bxg2 26.Kxg2 b4 27.Na4 Ngxe5 28.Nxc5 Nxc5 29.Bxe5 Rxd1
30.Rxd1 Ra8 31.Rd2 f6 32.Bd4 e5 33.Bxc5 Bxc5 34.Rc2 Be7 35.Nd3 Kf7 36.Rc4 Rxa2
37.Nxb4 Rb2 38.Nd5 Bd6 39.Rc3 e4 40.Nb6 Be5 41.Re3 Bd4 42.Nc4 Bxe3 43.Nxb2 Bd4
44.Nc4 Ke6 45.Kf1 f5 46.Ke2 f4 47.Kf1 Bc3 48.Ke2 g5 49.Nd2 Kd5 50.Nc4 Bb4
51.f3 e3 52.Nxe3+ fxe3 53.Kxe3 Bc5+ 54.Ke2 Ke5 55.Kf1 Bb4 56.h4 gxh4  1/2-1/2

[Event "TCh-CAT Div Hon 2013"]
[Site "Catalonia ESP"]
[Date "2013.02.23"]
[Round "6.10"]
[White "Fernandez Madrid,C"]
[Black "Rafiee,M"]
[Result "0-1"]
[WhiteElo "2160"]
[BlackElo "2148"]

1.c4 Nf6 2.Nf3 c5 3.g3 b6 4.Bg2 Bb7 5.O-O e6 6.b3 Be7 7.Bb2 O-O 8.d4 Qc8
9.dxc5 bxc5 10.Nbd2 Bc6 11.Qc2 Qb7 12.Rfd1 Rd8 13.Bf1 d6 14.Ng5 Nbd7 15.f3 h6
16.Nge4 Nxe4 17.Nxe4 d5 18.cxd5 exd5 19.Nf2 d4 20.Nd3 Rac8 21.Bh3 Bg5 22.Bc1 Bd5
23.Bxg5 hxg5 24.Qd2 f6 25.Rac1 c4 26.bxc4 Rxc4 27.Rxc4 Bxc4 28.Nb2 Bb5 29.Be6+ Kh7
30.Qc2+ g6 31.Nd3 Bxd3 32.Rxd3 Ne5 33.Rb3 Qe7 34.f4 d3 35.exd3 Nf3+ 36.Kf2 Nd4
37.Qb2 Qxe6 38.Rb7+ Kh6 39.Rxa7 Re8 40.fxg5+ fxg5 41.Qxd4 Qe1+ 42.Kg2 Re2+  0-1

[Event "33rd TCh-IND 2013"]
[Site "Hyderabad IND"]
[Date "2013.02.23"]
[Round "5.2"]
[White "Laxman,R"]
[Black "Stany,G"]
[Result "1-0"]
[WhiteElo "2443"]
[BlackElo "2456"]

1.Nf3 Nf6 2.c4 b6 3.g3 c5 4.Bg2 Bb7 5.O-O e6 6.b3 d6 7.Bb2 Nbd7 8.Nc3 a6
9.e3 Qc7 10.Rc1 Ne4 11.d4 Nxc3 12.Bxc3 Be4 13.Ne1 Bxg2 14.Nxg2 cxd4 15.Bxd4 Qb7
16.f3 Nf6 17.Bxf6 gxf6 18.Qd4 Be7 19.Nf4 h6 20.Qd3 f5 21.h4 Qc6 22.Kf2 Bf6
23.Rfd1 Be5 24.Ne2 Ke7 25.Nd4 Qd7 26.b4 Rhc8 27.f4 Bf6 28.Nb3 Rd8 29.a3 Qb7
30.Nd4 Rac8 31.Qe2 Rg8 32.Nf3 b5 33.Qd3 Rgd8 34.Nd2 bxc4 35.Nxc4 Qe4 36.Qe2 Qb7
37.Qh5 Rh8 38.Qxf7+ Kxf7 39.Nxd6+ Ke7 40.Nxb7 Bb2 41.Rxc8 Rxc8 42.Rd3 Rc2+
43.Kf1 Rc1+ 44.Ke2 Ra1 45.Nc5 Bxa3 46.Nxa6 e5 47.fxe5 Bb2 48.Nb8 Ra2 49.Rd2  1-0

[Event "TCh-CAT Div Hon 2013"]
[Site "Catalonia ESP"]
[Date "2013.03.02"]
[Round "7.6"]
[White "Bautista Sanchez,J"]
[Black "Rahal,M"]
[Result "0-1"]
[WhiteElo "2205"]
[BlackElo "2353"]

1.Nf3 Nf6 2.c4 b6 3.g3 Bb7 4.Bg2 e6 5.O-O c5 6.d4 cxd4 7.Qxd4 Be7 8.Nc3 d6
9.b3 O-O 10.Ba3 a6 11.Rad1 Ne8 12.Ne4 Bxe4 13.Qxe4 Ra7 14.Qe3 Rd7 15.Nd4 Qc7
16.Rd2 Nf6 17.Rfd1 Re8 18.Qf3 Bf8 19.Nc6 d5 20.Nxb8 Rxb8 21.Bxf8 Kxf8 22.cxd5 Rxd5
23.Rxd5 Nxd5 24.Qd3 Nc3 25.Rd2 b5 26.Qxh7 g6 27.Qh8+ Ke7 28.Qh4+ Kf8 29.Qb4+ Kg8
30.Rc2 Rc8 31.a3 a5 32.Qd4 e5 33.Qh4 Qd6 34.Bf1 Qxa3 35.Qg4 Rc7 36.Qg5 Qd6
37.Qc1 b4 38.e3 Kg7 39.Qa1 Qc5 40.Bg2 Rd7 41.Bf1 Qb6 42.Rc1 Qc5 43.Qb2 f6
44.Bg2 Ne2+ 45.Qxe2 Qxc1+ 46.Bf1 Rd1  0-1

[Event "45th Belgrade WGM"]
[Site "Belgrade SRB"]
[Date "2013.03.05"]
[Round "4"]
[White "Nonkovic,B"]
[Black "Miladinovic,L"]
[Result "1/2-1/2"]
[WhiteElo "2052"]
[BlackElo "2116"]

1.Nf3 c5 2.c4 Nf6 3.g3 b6 4.Bg2 Bb7 5.O-O e6 6.Nc3 a6 7.Re1 d6 8.e4 Be7 9.d4 cxd4
10.Nxd4 Qc7 11.Be3 O-O 12.Rc1 Nbd7 13.Nd5 exd5 14.cxd5 Qb8 15.Nc6 Bxc6 16.dxc6 Nc5
17.c7 Qa7 18.b4 Ncd7 19.Qc2 Rac8 20.Bh3 h5 21.f4 Ng4 22.Bxg4 hxg4 23.Qc6 Nc5
24.bxc5 dxc5 25.Qd7 Qxc7 26.Qxg4 Rfd8 27.e5 c4  1/2-1/2

[Event "45th Belgrade WGM"]
[Site "Belgrade SRB"]
[Date "2013.03.09"]
[Round "8"]
[White "Voiska,M"]
[Black "Zarkovic,M"]
[Result "0-1"]
[WhiteElo "2289"]
[BlackElo "2053"]

1.Nf3 Nf6 2.c4 c5 3.g3 b6 4.Bg2 Bb7 5.O-O e6 6.Nc3 a6 7.d4 cxd4 8.Qxd4 Nc6
9.Qd2 d6 10.b3 Be7 11.Rd1 Qc7 12.Ba3 Rd8 13.Rac1 Ne5 14.Nxe5 dxe5 15.Qb2 O-O
16.Bxe7 Qxe7 17.Bxb7 Qxb7 18.Rd2 Rd4 19.Rcd1 Rfd8 20.e3 Rxd2 21.Rxd2 Rxd2
22.Qxd2 h5 23.h4 Ng4 24.Qd3 Qh1+ 25.Kxh1 Nxf2+ 26.Kg2 Nxd3 27.Kf3 f5 28.e4 Kf7
29.Ke3 Nc5 30.b4 Nd7 31.Na4 Ke7 32.a3 Kd8 33.Nc3 Nf6 34.Kf3 Kc7 35.Ke3 Kc6
36.Kf3 Kd7 37.Ke3 Kc6 38.Kf3 Ne8 39.Ke3 Nd6 40.Kd3 b5 41.c5 Nc4 42.Nb1 a5
43.Nd2 Nxa3 44.bxa5 Kxc5 45.Nb3+ Kc6 46.a6 Nc4 47.a7 Nb6 48.Na5+ Kc7 49.Ke3 Na8
50.Nb3 Kb6 51.Nc1 Kxa7 52.Nd3 Nb6 53.exf5 exf5 54.Nxe5 Nc4+ 55.Nxc4 bxc4
56.Kd4 Kb6 57.Kxc4 Kc6 58.Kd4 Kd6 59.Ke3 Ke5 60.Kf3 f4  0-1

[Event "Karpos Open 2013"]
[Site "Skopje MKD"]
[Date "2013.03.09"]
[Round "1.59"]
[White "Arsovic,Z"]
[Black "Tairi,A"]
[Result "1-0"]
[WhiteElo "2439"]
[BlackElo "1898"]

1.Nf3 Nf6 2.c4 e6 3.g3 b6 4.Bg2 Bb7 5.O-O c5 6.Nc3 Be7 7.b3 O-O 8.Bb2 Nc6
9.e3 d5 10.cxd5 exd5 11.d4 Ba6 12.Re1 c4 13.Ne5 Na5 14.Ng4 Nxg4 15.Qxg4 Bb7
16.Qh5 Bb4 17.Red1 f5 18.bxc4 Nxc4 19.Qe2 Rc8 20.Rac1 Bxc3 21.Bxc3 Qd6 22.Qc2 Rc7
23.Qb3 Rfc8 24.Bb4 Qd7 25.a4 a5 26.Be1 Bc6 27.Ra1 Bb7 28.Ra2 g6 29.h3 Kg7
30.Rc2 Bc6 31.Ra1 Bb7 32.Rca2 Qe6 33.Rb1 g5 34.Qd1 Kg6 35.g4 Rf8 36.Qd3 Kg7
37.gxf5 Rxf5 38.Re2 Re7 39.f3 Qc6 40.Qxf5  1-0

[Event "Karpos Open 2013"]
[Site "Skopje MKD"]
[Date "2013.03.10"]
[Round "2.46"]
[White "Stella,A"]
[Black "Ivanov,StojanE"]
[Result "1-0"]
[WhiteElo "2477"]
[BlackElo "2238"]

1.Nf3 c5 2.c4 b6 3.g3 Bb7 4.Bg2 e6 5.O-O Nf6 6.Nc3 Be7 7.d4 cxd4 8.Qxd4 O-O
9.Rd1 d6 10.Bg5 a6 11.Bxf6 gxf6 12.Ne4 Ra7 13.Qe3 f5 14.Nc3 Nd7 15.a4 Bxf3
16.exf3 Qc7 17.Nd5 exd5 18.Qxe7 Ne5 19.Qg5+ Ng6 20.cxd5 f4 21.Qf6 Qc5 22.Rac1 Qb4
23.Qd4 Qxd4 24.Rxd4 Re8 25.Bf1 a5 26.Kg2 Rae7 27.Rdd1 Ne5 28.Bb5 Rd8 29.Rd4 Ng6
30.Bd3 Ne5 31.Bb5 fxg3 32.fxg3 Ng6 33.Bd3 Kg7 34.f4 Rde8 35.Rc6 Re1 36.Bxg6 fxg6
37.Rxd6 R8e2+ 38.Kh3 Rxb2 39.Rc4 Ree2 40.Rc7+ Kh6 41.Kg4  1-0

[Event "Karpos Open 2013"]
[Site "Skopje MKD"]
[Date "2013.03.10"]
[Round "3.8"]
[White "Stella,A"]
[Black "Markus,Rob"]
[Result "1/2-1/2"]
[WhiteElo "2477"]
[BlackElo "2605"]

1.Nf3 Nf6 2.c4 c5 3.g3 b6 4.Bg2 Bb7 5.O-O e6 6.b3 Be7 7.Bb2 O-O 8.e3 d5 9.Nc3 dxc4
10.bxc4 Nc6 11.Qe2 Qc7 12.d3 Rfd8 13.Rad1 a6 14.Ba1 Rab8  1/2-1/2

[Event "Karpos Open 2013"]
[Site "Skopje MKD"]
[Date "2013.03.12"]
[Round "5.51"]
[White "Valsecchi,A"]
[Black "Yurtseven,M"]
[Result "1/2-1/2"]
[WhiteElo "2435"]
[BlackElo "2135"]

1.Nf3 Nf6 2.c4 e6 3.g3 b6 4.Bg2 Bb7 5.O-O c5 6.Nc3 Be7 7.b3 O-O 8.Bb2 d6
9.e3 Nbd7 10.Qe2 Re8 11.d4 cxd4 12.exd4 Rc8 13.Rad1 Bf8 14.Rfe1 Qc7 15.Qd3 a6
16.Re2 g6 17.Rde1 d5 18.cxd5 Nxd5 19.Nxd5 Bxd5 20.Qxa6 Ra8 21.Qb5 Ra5 22.Qd3 Rxa2
23.Ng5 Qb7 24.Bxd5 Qxd5 25.Ne4 Bb4 26.Rc1 f5 27.Ng5 Rxb2 28.Rxb2 Ba3 29.Rbc2 Bxc1
30.Rxc1 e5 31.Qc4 Qxc4  1/2-1/2

[Event "ch-Moscow 2013"]
[Site "Moscow RUS"]
[Date "2013.03.25"]
[Round "4.9"]
[White "Mozharov,M"]
[Black "Gordievsky,D"]
[Result "1/2-1/2"]
[WhiteElo "2523"]
[BlackElo "2443"]

1.Nf3 c5 2.c4 Nf6 3.g3 b6 4.Bg2 Bb7 5.O-O e6 6.Nc3 Be7 7.d4 cxd4 8.Qxd4 d6
9.Bg5 a6 10.Bxf6 Bxf6 11.Qf4 Bxf3 12.Qxf3 Ra7 13.Rfd1 O-O 14.Qd3 Be7 15.e3 Nd7
16.b3 Qb8 17.Ne2 Rc7 18.Nd4 Rfc8 19.a4 Rc5 20.Ra2 Qc7 21.Rad2 Bf8 22.Qb1 Qa7
23.Qa2 Nf6 24.Rc2 e5 25.Ne2 Qc7 26.Nc3 b5 27.axb5 axb5 28.Rcd2 bxc4 29.b4 Rc6
30.Bxc6 Qxc6 31.Qb1 Qf3 32.b5 h5 33.Re1 d5 34.Qd1 Qxd1 35.Rexd1 Bb4 36.Rxd5 Nxd5
37.Nxd5 Bf8 38.b6 c3 39.Rc1 c2 40.b7 Rb8 41.Rxc2 Rxb7 42.Rc8 f6 43.Kg2 Kf7
44.Rc7+ Rxc7 45.Nxc7 Bd6 46.Nd5 e4 47.h3 Ke6 48.Nc3 f5 49.g4 hxg4 50.hxg4 g6  1/2-1/2

[Event "Paskturneringen Open"]
[Site "Norrkoping SWE"]
[Date "2013.03.30"]
[Round "5"]
[White "Hammarstrom,U"]
[Black "Kockum,A"]
[Result "1-0"]
[WhiteElo "2163"]
[BlackElo "2335"]

1.Nf3 Nf6 2.c4 e6 3.g3 b6 4.Bg2 Bb7 5.O-O c5 6.Nc3 Be7 7.Re1 O-O 8.e4 d6
9.d4 cxd4 10.Nxd4 Qc8 11.b3 Rd8 12.Bb2 Nc6 13.Nxc6 Bxc6 14.Nd5 Qb7 15.Nxf6+ Bxf6
16.Bxf6 gxf6 17.Qg4+ Kh8 18.Qh4 Qe7 19.Rad1 Rac8 20.Rd2 b5 21.cxb5 Bxb5 22.e5 dxe5
23.Be4 f5 24.Qxe7 Rxd2 25.Qf6+ Kg8 26.Qg5+  1-0

[Event "e2e4 Dublin Masters"]
[Site "Dublin IRL"]
[Date "2013.04.01"]
[Round "8"]
[White "Hawkins,Jo"]
[Black "Gormally,D"]
[Result "1-0"]
[WhiteElo "2503"]
[BlackElo "2507"]

1.Nf3 Nf6 2.c4 e6 3.g3 b6 4.Bg2 Bb7 5.O-O c5 6.Nc3 Be7 7.d4 cxd4 8.Qxd4 O-O
9.Rd1 Nc6 10.Qf4 a6 11.b3 b5 12.cxb5 axb5 13.Nxb5 Nd5 14.Qd2 Ba6 15.e4 Nf6
16.Nfd4 Qb6 17.Nxc6 dxc6 18.Ba3 c5 19.Nc3 Bb7 20.Na4 Qc7 21.Qe3 Ng4 22.Qf4 Ne5
23.Rac1 g5 24.Qe3 c4 25.Bb2 Rfd8 26.Qb6 Qxb6 27.Nxb6 Nd3 28.Nxa8 Rxa8 29.Rb1 Bc5
30.bxc4 Nxf2 31.Bd4 Nxd1 32.Bxc5 Rc8 33.Bd4 Rd8 34.Bf6 Rd7 35.e5  1-0

[Event "1st Hofheim Open"]
[Site "Hofheim GER"]
[Date "2013.04.04"]
[Round "3.32"]
[White "Willems,M"]
[Black "Carow,A"]
[Result "0-1"]
[WhiteElo "2027"]
[BlackElo "2029"]

1.Nf3 c5 2.c4 b6 3.g3 Bb7 4.Bg2 Nf6 5.O-O e6 6.Nc3 Be7 7.b3 O-O 8.Bb2 a6
9.e3 Ra7 10.Qe2 Re8 11.Rfd1 d6 12.Ne1 Bxg2 13.Nxg2 Rd7 14.d4 cxd4 15.Rxd4 Nc6
16.Rd2 Qa8 17.e4 Red8 18.Rad1 Qb7 19.g4 Ne5 20.g5 Ne8 21.f4 Ng6 22.Qh5 b5
23.cxb5 axb5 24.f5 Ne5 25.Rd3 g6 26.Qh4 exf5 27.exf5 Nf3+ 28.Rxf3 Qxf3 29.Rf1 Qd3
30.Nxb5 d5 31.fxg6 Bc5+ 32.Kh1 Qxf1+  0-1

[Event "1st Hofheim Open"]
[Site "Hofheim GER"]
[Date "2013.04.05"]
[Round "6.4"]
[White "Krivonosov,O"]
[Black "Carow,J"]
[Result "1-0"]
[WhiteElo "2457"]
[BlackElo "2264"]

1.Nf3 c5 2.c4 b6 3.g3 Bb7 4.Bg2 Nf6 5.O-O e6 6.Nc3 d6 7.d4 cxd4 8.Qxd4 a6
9.Rd1 Be7 10.Bg5 Nbd7 11.Nd2 Bxg2 12.Kxg2 O-O 13.Nde4 Qc7 14.Nxf6+ Nxf6 15.Ne4 Nxe4
16.Bxe7 Qxe7 17.Qxe4 Rac8 18.a4 Qc7 19.b3 a5 20.Rd4 Qc6 21.Qf3 Qxf3+ 22.Kxf3 Rc6
23.Rad1 Rd8 24.e4 f6 25.Ke3 e5 26.R4d2 Kf7 27.f4 Ke7 28.Rf2 Rc5 29.f5 Rh8
30.Rfd2 Rc6 31.Rg1 g5 32.h4 g4 33.h5 h6 34.Kd3 Kd7 35.Kc3 Kc7 36.Kb2 Kb7
37.Rgd1 Kc7 38.Rd5 Rg8 39.Kc3 Re8 40.Rh1 Kb7 41.Rh4 Rg8 42.Rh2 Rgc8 43.Rhd2 Kc7
44.Kb2 Kd7 45.R5d3 Ke7 46.Ka3 Kd7 47.Rd5 Kc7 48.Rh2 Kb7 49.Rh4 Rg8 50.Rd1 Kc7
51.Rc1 Kb7 52.Rc2 Kc7 53.b4 axb4+ 54.Kxb4 Kb7 55.Rh1 Rc5 56.Rd1 Kc7 57.Rcd2 Rc6
58.Rd5 Ra8 59.R1d2 Ra7 60.Ra2 Rc5 61.Rad2 Rc6 62.Rh2 Kb8 63.Rb5 Rac7 64.Rc2 Kc8
65.a5 bxa5+ 66.Rxa5 Rb7+ 67.Kc3 Rcb6 68.Kd3 Rc6 69.Ra8+ Rb8 70.Rca2 Rc7 71.R2a6 Rd7
72.Kc3 Rd8 73.c5 Rxa8 74.Rxa8+ Kc7 75.Ra7+ Kc6 76.Kc4 dxc5 77.Ra6+ Kb7 78.Rxf6 Rd4+
79.Kxc5 Rxe4 80.Rxh6 Re3 81.Kd5 Rxg3 82.Kxe5 Rg1 83.Rg6 g3 84.h6 g2 85.h7 Rh1
86.Rxg2 Rxh7 87.Rc2  1-0

[Event "TCh-CAT Div Hon 2013"]
[Site "Catalonia ESP"]
[Date "2013.04.06"]
[Round "10.4"]
[White "Vila Gazquez,X"]
[Black "Hernando Rodrigo,Ju"]
[Result "1-0"]
[WhiteElo "2455"]
[BlackElo "2311"]

1.Nf3 Nf6 2.g3 b6 3.Bg2 Bb7 4.O-O c5 5.c4 e6 6.Nc3 Be7 7.Re1 d5 8.cxd5 Nxd5
9.e4 Nb4 10.d4 cxd4 11.Nxd4 N8c6 12.Nxc6 Bxc6 13.Qg4 h5 14.Qe2 Qd3 15.Be3 Qxe2
16.Rxe2 O-O-O 17.a3 Nd3 18.Rc2 Kb8 19.f4 Rc8 20.Rd1 Nc5 21.e5 Na4 22.Nxa4 Bxa4
23.Rxc8+ Rxc8 24.Rd2 Bc6 25.h3 Bxg2 26.Kxg2 Rc4 27.Kf3 Kc7 28.g4 h4 29.g5 a5
30.Bf2 b5 31.Bxh4 Bxa3 32.bxa3 Rc3+ 33.Ke4 Rxa3 34.g6 fxg6 35.Rd6 b4 36.Bf2 b3
37.Bb6+ Kb7 38.Bd4  1-0

[Event "TCh-CZE Div1 Vychod 2012-13"]
[Site "Czech Republic CZE"]
[Date "2013.04.07"]
[Round "10.6"]
[White "Sedlacek,O"]
[Black "Kratochvil,Jo"]
[Result "0-1"]
[WhiteElo "2223"]
[BlackElo "2264"]

1.Nf3 Nf6 2.g3 b6 3.Bg2 Bb7 4.O-O c5 5.c4 e6 6.d4 cxd4 7.Qxd4 Be7 8.Nc3 d6
9.Rd1 a6 10.Bg5 Nbd7 11.Qd2 Rc8 12.b3 O-O 13.Rac1 Nc5 14.Qf4 Qc7 15.Bxf6 gxf6
16.Qh6 Kh8 17.Qh5 Nd7 18.h3 Qc5 19.Ng5 fxg5 20.Bxb7 Rb8 21.Bg2 f5 22.e3 Qe5
23.Qe2 f4 24.exf4 gxf4 25.Qxe5+ Nxe5 26.Be4 b5 27.cxb5 axb5 28.Ne2 fxg3 29.fxg3 d5
30.Bg2 Bg5 31.Rc7 Be3+ 32.Kh1 Rf2 33.Nf4 Bxf4 34.gxf4 Ng6 35.f5 Rxf5 36.Re1 Nf4
37.Bf1 b4 38.Ba6 Rg8 39.Bf1 e5 40.Re7 e4 41.Rc1 Nh5 42.Bg2 Rf2 43.Rcc7 Nf6  0-1

[Event "TCh-NED Meesterklasse 2012-13"]
[Site "Netherland NED"]
[Date "2013.04.20"]
[Round "9.7"]
[White "Sielecki,C"]
[Black "Van Foreest,Jorden"]
[Result "1/2-1/2"]
[WhiteElo "2402"]
[BlackElo "2224"]

1.Nf3 Nf6 2.g3 e6 3.Bg2 b6 4.O-O Bb7 5.c4 c5 6.Nc3 Be7 7.d4 Ne4 8.Qd3 Nxc3
9.bxc3 d6 10.d5 exd5 11.cxd5 Nd7 12.Bf4 Qc7 13.c4 O-O 14.Nd2 Rfe8 15.Rae1 Nf8
16.e4 Ng6 17.Be3 a6 18.f4 b5 19.e5 Rad8 20.Qb1 dxe5 21.f5 Nf8 22.f6 gxf6
23.Ne4 Ng6 24.Nxf6+ Bxf6 25.Rxf6 e4 26.Ref1 bxc4 27.Rxf7 Rd7 28.R7f6 Bxd5
29.Bh6 Rf7 30.Rxf7 Bxf7 31.Bxe4 Qe5 32.Qb7 Re7 33.Qa8+ Re8 34.Qb7 Re7 35.Qa8+  1/2-1/2

[Event "48th Capablanca Open I 2013"]
[Site "Havana CUB"]
[Date "2013.04.21"]
[Round "1.25"]
[White "Borges Mateos,J"]
[Black "Calvo Quinteiro,J"]
[Result "1-0"]
[WhiteElo "2439"]
[BlackElo "2248"]

1.c4 Nf6 2.Nf3 c5 3.g3 b6 4.Bg2 Bb7 5.O-O e6 6.Nc3 Be7 7.Re1 d6 8.e4 Nbd7
9.d4 cxd4 10.Nxd4 a6 11.e5 dxe5 12.Nxe6 fxe6 13.Bxb7 Ra7 14.Bg2 O-O 15.Bh3 Bc5
16.Bxe6+ Kh8 17.Be3 Qe7 18.Bd5 e4 19.Nxe4 Nxe4 20.Bxe4 Qf6 21.Qc2 Ne5 22.Bxc5 bxc5
23.Rad1 g5 24.h3 Re7 25.Bg2 Rb8 26.Re3 Ng6 27.Rxe7 Nxe7 28.b3 Nf5 29.Rd5 Nd4
30.Qe4 Rf8 31.Qe3 Ne6 32.Re5  1-0

[Event "48th Capablanca Open I 2013"]
[Site "Havana CUB"]
[Date "2013.04.24"]
[Round "4.37"]
[White "Perez Garcia,Rodn"]
[Black "Calvo Quinteiro,J"]
[Result "1/2-1/2"]
[WhiteElo "2385"]
[BlackElo "2248"]

1.c4 Nf6 2.Nf3 c5 3.g3 b6 4.Bg2 Bb7 5.O-O e6 6.b3 Be7 7.Bb2 O-O 8.Nc3 d6
9.d4 cxd4 10.Nxd4 Bxg2 11.Kxg2 Qc7 12.e3 Nc6 13.Nxc6 Qxc6+ 14.Qf3 Rac8 15.Qxc6 Rxc6
16.Rad1 a6 17.Rd3  1/2-1/2

[Event "Zonal 2.5 2013"]
[Site "Montevideo URU"]
[Date "2013.04.25"]
[Round "9.15"]
[White "Izquierdo,S"]
[Black "Carbone,D"]
[Result "0-1"]
[WhiteElo "2035"]
[BlackElo "2074"]

1.Nf3 Nf6 2.g3 b6 3.Bg2 Bb7 4.c4 c5 5.O-O e6 6.b3 d6 7.d4 cxd4 8.Qxd4 Nbd7
9.Nc3 a6 10.Bb2 Be7 11.Rad1 O-O 12.Rfe1 Qc7 13.e4 Rad8 14.Qe3 Rfe8 15.h3 Nc5
16.Nd4 Qb8 17.Re2 Qa8 18.f4 h6 19.Bf3 Bf8 20.b4 Ncd7 21.Kh2 Rc8 22.Qd3 Red8
23.a3 Qb8 24.Rc1 Ne5 25.fxe5 dxe5 26.Na4 exd4 27.Nxb6 Bxe4 28.Bxe4 Qxb6 29.Bg2 h5
30.Kh1 Qb8 31.Rf1 Bd6 32.Rf3 e5 33.Rxf6 gxf6 34.Bd5 Kg7 35.Qf3 Rh8 36.Bc1 Rcg8
37.Rf2 Be7 38.c5 Kf8 39.c6 Qc8 40.Kh2 Qc7 41.Qf5 Rg6 42.Rc2 Rhg8 43.Rg2 Bd6
44.Qxh5 e4 45.Bh6+ Ke7 46.Kh1 Rh8 47.Qf5 Rhxh6 48.Qxe4+ Be5 49.h4 Kf8 50.a4 Bxg3
51.Kg1 Bh2+ 52.Kf1 Rxg2 53.Qxg2 Rxh4 54.b5 axb5 55.axb5 d3 56.Kf2 Qb6+ 57.Ke1 Qe3+
58.Kd1 Ra4 59.Ba2 Bf4 60.Qb2 Qg1+  0-1